La Premsa de barris en 1982 / [amb un pròleg de Josep M. Huertas]
Descripción Física:
[50] f. ; 30 cm
Materias:
Premsa -- Catalunya -- 1982
MARC
| LEADER | 00000nam a2200000Ia 4500 | ||
|---|---|---|---|
| 001 | 8885 | ||
| 003 | BGR | ||
| 005 | 20260324175225.0 | ||
| 008 | 160829s9999 xx 000 0 cat d | ||
| 080 | |a O-1-5 | ||
| 245 | |a La Premsa de barris en 1982 / [amb un pròleg de Josep M. Huertas] | ||
| 260 | |a Barcelona : |b Diputació de Barcelona, Servei Tècnic d'Ajut a la Premsa Comarcal, [1982] | ||
| 300 | |a [50] f. ; |c 30 cm | ||
| 650 | |a Premsa |x Catalunya |x 1982 |9 21924 | ||
| 710 | 1 | |a Barcelona (Catalunya : Província). |b Diputació |b Servei Tècnic d'Ajut a la Premsa Comarcal |9 52408 | |
| 901 | |a Arxiu | ||
| 942 | |n 1 |2 udc |c MON | ||
| 952 | |0 0 |1 0 |4 0 |6 O15 |7 1 |9 41939 |a Arxiu |b Arxiu |d 2016-12-01 |l 0 |o O-1-5 |p 8885 |r 2016-12-01 00:00:00 |w 2016-12-01 |y ARXIU | ||
| 999 | |c 44386 |d 44386 | ||